01444nam a2200277 a 450000100100000000500170001000800410002702000150006804000250008304100130010808200150012110000260013624000520016224501060021426000600032030000260038049000400040650503600044650400730080653400600087970000330093983000490097204900090102195201190103099900170114900002648820200930030242.0810211s1986 txu 001 0 spa d a031109113X aDO-SdBNPbspacBNPHU17aspahfre axxxbL673r1 aLewis, John M.95356010aRevelation, inspiration, scripture.lEspañol.10aLa revelación e inspiración de las escrituras /cJohn M. Lewis ; traducción de Pablo A. Deiros. aEl Paso, Tex. :bCasa Bautista de Publicaciones,c1986. a161, [1] p. ;c19 cm.1 aBiblioteca de doctrina cristianav30 aLa revelación como automanifestación de Dios -- La revelación en el antiguo y el Nuevo Testamentos -- La revelación y las escrituras -- La preservación del testimonio escrito -- Mas allá de la pagina sagrada -- Guías para la interpretación bíblica -- La autoridad de la biblia -- Revelación y redención .tEl folleto de JuniesrLenin aIncluye referencias bibliográficas y notas al pie de las páginas aTítulo original:tRevelation, inspiration, scripture.1 aDeiros, Pablo A.etr.948129 0aBiblioteca de doctrina cristiana ;v3948387 aBNGR 001054708MOaGRbGRcCTd2011-03-21iLF1l0oxxx L673rp26488-10r2020-06-25w2020-06-25y4ZPréstamo en sala c25980d25980